000 00739nam a2200217Ia 4500
008 191130s1980##################000#0#eng##
020 _a9783820461596
040 _aACL
_cACL
082 _a421.5 OAK
100 _aOakeshott-Taylor, John
245 _aAcoustic variability and its perception : the effects of context on selected acoustic parameters of English words and their perceptual consequences
_cJohn Oakeshott-Taylor
260 _aBern
_bLang
_c1980
300 _a359 p. : ill. ; 21 cm
500 _aBibliography: p. 335-359
650 _aEnglish language - Phonetics
650 _aPhonetics, Acoustic
650 _aSpeech perception
990 _a0c9f5c9fac10000c381ccc931b7c06f8
991 _a392851
999 _c361217
_d361217